=LDR 00000nam 2200000 4500 =001 INLIS000000000008708 =005 20130612100538 =008 ***********************************Ind** =035 ##$$0010-061300000008708 =041 ##$$a Ind =082 ##$$a 658.15 =090 ##$$a 658.15, Sar m =100 ##$$a Sartono, R.Agus =245 ##$$a Manajemen Keuangan, Teori dan Aplikasi, Drs.R.Agus Sartono, M.B.A =260 ##$$a 2001 $b Yogyakarta =300 ##$$a 525 hlm, ilus, 22 cm =650 ##$$a Manajemen Keuangan =850 ##$$a NBPNMAT